| Tag |
First Indicator |
Second Indicator |
Subfields |
| LEADER |
00000cam a2200000E 4500 |
| 001 |
in00000479713 |
| 005 |
20151013055946.0 |
| 008 |
730427r19731881nyu i 00000 eng |
| 010 |
|
|
|a 72001029
|
| 020 |
|
|
|a 0404015743
|
| 035 |
|
|
|a (OCoLC)00623238
|
| 035 |
|
|
|9 ACC6791AM
|
| 040 |
|
|
|a DLC
|c DLC
|d TXA
|d UtOrBLW
|
| 049 |
|
|
|a TXAM
|c [1551868]
|
| 050 |
0 |
0 |
|a PR2892
|b .C5 1973
|
| 082 |
0 |
|
|a 822.3/3
|
| 100 |
1 |
|
|a Clarke, Mary Cowden,
|d 1809-1898.
|
| 245 |
1 |
4 |
|a The complete concordance to Shakespeare: being a verbal index to all the passages in the dramatic works of the poet.
|
| 250 |
|
|
|a New and rev. ed.
|b London, Bickers, 1881.
|
| 264 |
|
1 |
|a [New York] :
|b [AMS Press],
|c [1973]
|
| 300 |
|
|
|a ix, 860 pages :
|b portrait ;
|c 27 cm.
|
| 336 |
|
|
|a text
|b txt
|2 rdacontent
|
| 337 |
|
|
|a unmediated
|b n
|2 rdamedia
|
| 338 |
|
|
|a volume
|b nc
|2 rdacarrier
|
| 600 |
1 |
0 |
|a Shakespeare, William,
|d 1564-1616
|v Concordances.
|
| 700 |
1 |
|
|a Shakespeare, William,
|d 1564-1616.
|
| 999 |
|
|
|a MARS
|
| 999 |
f |
f |
|s bbea2394-650d-36e9-b9ad-00a537e4ba92
|i 472d28a2-0c04-3c10-afbd-688be859580f
|t 0
|
| 952 |
f |
f |
|p normal
|a Texas A&M University
|b College Station
|c Sterling C. Evans Library
|d Evans: Library Stacks
|t 0
|e PR2892 .C5 1973
|h Library of Congress classification
|i unmediated -- volume
|m A14803903327
|
| 998 |
f |
f |
|a PR2892 .C5 1973
|t 0
|l Evans: Library Stacks
|